Capitals of 1-st level subdivisions in Sweden from north to south - Statistics

General Stats
  • This quiz has been taken 19 times
  • The average score is 14 of 23
Answer Stats
Latitude (DD) Answer % Correct
1 65.58 Luleå
91%
3 63.18 Östersund
91%
2 63.83 Umeå
91%
23 55.61 Malmö
73%
16 57.71 Göteborg
64%
20 56.66 Kalmar
64%
13 58.41 Linköping
64%
11 59.27 Örebrö
64%
10 59.33 Stockholm
64%
7 59.86 Uppsala
64%
17 57.64 Visby
64%
6 60.61 Falun
55%
5 60.67 Gävle
55%
4 62.63 Härnösand
55%
15 57.78 Jönköping
55%
21 56.16 Karlskrona
55%
9 59.38 Karlstad
55%
12 58.75 Nyköping
55%
8 59.61 Västerås
55%
19 56.67 Halmstad
45%
22 56.03 Kristianstad
45%
18 56.88 Växjö
45%
14 58.38 Vänersborg
18%
No matching quizzes found
Score Distribution
Percent of People with Each Score
Percentile by Number Answered
Your Score History
You have not taken this quiz